000 015360000a22003490004500
003 EG-GICUC
005 20250223025459.0
008 081014s2008 ua dh f m 000 0 eng d
040 _aEG-GICUC
_beng
_cEG-GICUC
041 0 _aEng
049 _aDeposite
097 _aM.Sc
099 _aCai01.11.10.M.Sc.2008.Ma.S
100 0 _aMarwa Refaat Abdelhameed Oteafy
245 1 0 _aStudy of HLA - Cw6 in psoriatic patients /
_cMarwa Refaat Abdelhameed Oteafy ; Supervised Ahmed Hany Abdelghany Weshahy , Heba Helmi Elhadidi , Mahmoud Fawzy Abdelhamied
246 1 5 _aدراسة HLA - Cwفى مرضى الصدفيه 6
260 _aCairo :
_bMarwa Refaat Abdelhameed Oteafy ,
_c2008
300 _a102P. :
_bcharts , facsimiles ;
_c25cm
502 _aThesis (M.Sc.) - Cairo University - Faculty Of Medicine - Department Of Dermatology and Venerology
520 _aHLA - Cw6 is strongly expressed in psoriatic patients it has a strong influence on age of onset extent of involvement and severity of the disease however its presence in non psoriatic patients suggest that psoriasis is a multifactorial disease
530 _aIssued also as CD
653 4 _aDermatology and Venerology
653 4 _aHLA - Cw6
653 4 _aPsoriasis
700 0 _aAhmed Hany Abdelghany Weshahy ,
_eSupervisor
700 0 _aHeba Helmi Elhadidi ,
_eSupervisor
700 0 _aMahmoud Fawzy Abdelhamied ,
_eSupervisor
856 _uhttp://172.23.153.220/th.pdf
905 _aEnas
_eCataloger
905 _aMustafa
_eRevisor
942 _2ddc
_cTH
999 _c13890
_d13890